00452nam a2200121 a 4500008004100000050002300041110010300064245003500167260007300202300001300275350000900288650003300297100622s2007 ||||||||||||||||| || u aGOV.ZAM(02)2007/1A aGovernment of the Republic of Zambia (GRZ). Ministry of Tourism, Environment and Natural Resources10aNational policy on environment aLusakabMInistry of Tourism, Environment and Natural Resourcesc2007 aix, 61p. a0.00 aENVIRONMENTAL POLICY--ZAMBIA